Loading...
| Current Events | 2 | 25.00 | 100% | 100% | 50% |
| Fine Arts - Auditory | 5 | 12.00 | 100% | 20% | 0% |
| Fine Arts - Other | 5 | 16.00 | 100% | 40% | 20% |
| Fine Arts - Visual | 7 | 18.57 | 100% | 57% | 29% |
| Geography | 4 | 15.00 | 100% | 25% | 25% |
| History - American | 7 | 10.00 | 86% | 14% | 0% |
| History - Ancient | 1 | 20.00 | 100% | 100% | 0% |
| History - Ancient/Other | 2 | 20.00 | 100% | 50% | 50% |
| History - European | 3 | 16.67 | 100% | 67% | 0% |
| History - World | 5 | 26.00 | 100% | 100% | 60% |
| Literature - American | 5 | 14.00 | 100% | 40% | 0% |
| Literature - British | 5 | 18.00 | 100% | 80% | 0% |
| Literature - European | 5 | 12.00 | 100% | 20% | 0% |
| Literature - World | 5 | 20.00 | 100% | 100% | 0% |
| Mythology | 3 | 20.00 | 100% | 67% | 33% |
| Other Academic | 3 | 10.00 | 100% | 0% | 0% |
| Philosophy | 8 | 13.75 | 75% | 38% | 25% |
| Religion | 4 | 17.50 | 100% | 75% | 0% |
| Science - Biology | 4 | 5.00 | 50% | 0% | 0% |
| Science - Chemistry | 5 | 10.00 | 80% | 20% | 0% |
| Science - Other | 8 | 5.00 | 50% | 0% | 0% |
| Science - Physics | 5 | 12.00 | 100% | 0% | 20% |
| Social Science | 8 | 13.75 | 100% | 38% | 0% |